[Event "Antananarivo Elo May"]
[Site "Antananarivo"]
[Date "2022.05.08"]
[Round "4"]
[White "Raherimalala, Andritiana"]
[Black "Nomenjanahary, Fanilo"]
[Result "0-1"]
[WhiteElo "1706"]
[BlackElo "1470"]
[PlyCount "78"]
[EventDate "2022.05.07"]
[EventType "swiss"]
[EventRounds "6"]
[EventCountry "MAD"]
[SourceTitle "EXT 2023"]
[Source "ChessBase"]
[SourceDate "2022.10.05"]
[SourceVersion "1"]
[SourceVersionDate "2022.10.05"]
[SourceQuality "1"]

1. d4 Nf6 2. c4 g6 3. Nc3 d5 4. e3 Bg7 5. Nf3 0-0 6. Be2 c5 7. cxd5 Nxd5 8. e4 Nxc3 9. bxc3 Nc6 10. Bb2 Qa5 11. 0-0 cxd4 12. cxd4 Bg4 13. e5 Rfd8 14. Qb3 Bxf3 15. Bxf3 Nxd4 16. Bxd4 Rxd4 17. Qxb7 Rad8 18. Qxe7 R4d7 19. Qh4 Bxe5 20. Rae1 Bc3 21. Re3 Bd2 22. Re2 Qxa2 23. Bc6 Rd6 24. Re8+ Rxe8 25. Bxe8 Qe6 26. Bb5 a5 27. Bc4 Qe5 28. Qh3 Qc5 29. Ba2 a4 30. Rb1 Bc1 31. Bxf7+ Kg7 32. Qf3 Qc2 33. Bd5 Qxb1 34. Qf7+ Kh6 35. Qf8+ Kg5 36. h4+ Kxh4 37. g3+ Kg5 38. Kg2 Rxd5 39. f4+ Kh5 0-1

[Event "Antananarivo Elo May"]
[Site "Antananarivo"]
[Date "2022.05.07"]
[Round "3"]
[White "Andriamandimbisoa, Harison"]
[Black "Raherimalala, Andritiana"]
[Result "1-0"]
[WhiteElo "1883"]
[BlackElo "1706"]
[PlyCount "46"]
[EventDate "2022.05.07"]
[EventType "swiss"]
[EventRounds "6"]
[EventCountry "MAD"]
[SourceTitle "EXT 2023"]
[Source "ChessBase"]
[SourceDate "2022.10.05"]
[SourceVersion "1"]
[SourceVersionDate "2022.10.05"]
[SourceQuality "1"]

1. e4 e5 2. Nf3 Nc6 3. Bb5 a6 4. Bxc6 dxc6 5. 0-0 Qe7 6. h3 Bd7 7. d4 exd4 8. Qxd4 0-0-0 9. Qa7 Be8 10. Qa8+ Kd7 11. Rd1+ Ke6 12. Qxd8 Qxd8 13. Rxd8 Ke7 14. Rb8 Nf6 15. Bg5 h6 16. Bxf6+ gxf6 17. Rxb7 Bg7 18. Rxc7+ Kd6 19. Rb7 c5 20. Nc3 Kc6 21. Rb8 Bd7 22. Rxh8 Bxh8 23. Rd1 Be8 1-0